Cien años de soledad /

Guardado en:
Autor Principal: García Márquez, Gabriel
Formato: Libro
Publicado: Buenos Aires : Debolsillo
Series:Biblioteca Contemporánea
Materias:
Etiquetas: Agregar Etiqueta
Sin Etiquetas, Sea el primero en etiquetar este registro!
LEADER 00638nam a22002175a 4500
001 CEM.cems011284
005 20071024160829.0
008 130507b######################000#0#####d
003 CEMS
020 |a 9871138148 
082 0 4 |a C863.4 
100 1 |a García Márquez, Gabriel 
245 1 0 |a Cien años de soledad /  |c Gabriel García Márquez 
260 |a Buenos Aires :  |b Debolsillo 
300 |a 496 p. 
490 0 |a Biblioteca Contemporánea 
653 |a Literatura 
653 |a Literatura colombiana-siglo 20 
653 |a Novelas 
653 |a Novela colombiana-siglo 20 
859 |a CEMS  |b BIB. CEMS - 11 de abril  |h C863.4  |i G165-13  |p 22202.03  |t Ej.1